| 000 | 01033nam a2200313 a 4500 | ||
|---|---|---|---|
| 001 | 72213 | ||
| 003 | BD-RjUL | ||
| 005 | 20211209082227.0 | ||
| 008 | 170520s1975 us a b 001 0 eng d | ||
| 020 | _a072163043X | ||
| 035 | _a(BD-RjUL)72429 | ||
| 040 |
_aBD-RjUL _beng _cBD-RjUL |
||
| 041 | 1 |
_aeng _hspa |
|
| 060 | 0 | _aQH581 D437c | |
| 082 |
_223 _a571.6 _bROC 1975 |
||
| 100 | 1 |
_aDe Robertis, E. D. P. _d1913- _9214557 |
|
| 245 | 1 | 0 |
_aCell biology / _cE. D. P. De Robertis, Francisco A. Saez and E. M. F. De Robertis |
| 250 | _a6th ed. | ||
| 260 |
_aPhiladelphia : _bSaunders, _cc1975 |
||
| 300 |
_axv, 615 p : _bill ; _c27 cm |
||
| 500 | _aFirst published in 1946 under title: CitologĂa general | ||
| 500 | _aPublished in 1980 under title: Cell and molecular biology | ||
| 504 | _aIncludes bibliographies and index | ||
| 650 | 0 |
_aCytology _9214558 |
|
| 650 | 0 |
_aCells _9214559 |
|
| 700 | 1 |
_aSaez, Francisco A. _q(Francisco Alberto), _d1898-1976. _9214560 |
|
| 700 | 1 |
_aDe Robertis, E. M. F. _9214561 |
|
| 942 |
_2ddc _cBK |
||
| 999 |
_c72213 _d72213 |
||